Statistics for History of Thailand Quiz

Click here to take the quiz!

General Stats

  • This quiz has been taken 19 times
  • The average score is 8 of 15

Answer Stats

QuestionAnswer% Correct
Who did Thailand side with in World War II?Axis
88%
Which European country fought against the Rattanakosin kingdom in 1893, conquering Laos?France
82%
Who did Thailand side with in World War I?Allies
76%
Which empire did Ayutthaya invade in 1431?Khmer
65%
Who killed Taksin, becoming king and founding the current Thai dynasty?Rama I
65%
Who is the current king?Rama X
65%
Which kingdom did Ayutthaya annexed in 1438?Sukhothai
65%
Who became prime minister following the 2014 coup d'état?Prayut Chan-o-cha
53%
Who drove out the Burmese from Thailand in 1768?Taksin
41%
Who united the kingdoms of Lavo and Suphannaphum in 1351, founding the kingdom of Ayutthaya?U Thong
41%
Which Burmese dynasty conquered and destroyed the city of Ayutthaya in 1767?Konbaung
29%
Which was the major kingdom of the Dvaravati federation?Lavo
29%
Which major kingdom ruled parts of the present-day Thailand during the ancient age?Funan
24%
Which Burmese general conquered Ayutthaya in 1564?Bayinnaung
18%
Which kingdom became the kingdom of Lan Na, after conquering the kingdom of Haripunchai in 1292?Ngoenyang
12%

Score Distribution

Percentile by Number Answered

Percent of People with Each Score

Your Score History

You have not taken this quiz